Animal Frenzy Quiz Stats

 Plays Quiz Updated May 9, 2013

Also try: Angry Animals!
Challenge
Share
Tweet
Score 0/52 Timer 03:00
1 Play Today
% Correct
yeti
81.9%
cat
71.9%
badger
69.8%
aardvark
68.2%
camel
67.1%
whale
67%
sturgeon
65%
okapi
63.4%
jackal
62.5%
ibex
62.1%
tiger
61.8%
unau
61.5%
bear
61.4%
kiwi
60.7%
manatee
59.6%
falcon
58.3%
lemur
58.3%
penguin
58.3%
donkey
57.9%
zebra
57.2%
kangaroo
56.8%
jaguar
56.7%
giraffe
56.5%
armadillo
56.4%
hyena
56.2%
narwhal
55.7%
% Correct
impala
54.9%
pony
54.4%
egret
54.2%
sandpiper
53.9%
dingo
53.5%
robin
53%
urchin
52.9%
leopard
51.7%
ferret
51.3%
monkey
50.8%
ocelot
49.8%
rhinoceros
49.7%
quetzal
49%
tapir
48.7%
elephant
47.7%
yak
47.5%
walrus
47.4%
xerus
45.9%
vulture
45.8%
hedgehog
45.7%
quagga
45.1%
zebu
45%
vole
43.5%
nuthatch
41.3%
xenopus
40.7%
gorilla
37.7%

You're not logged in!

Compare scores with friends on all Sporcle quizzes.
Join for Free
OR
Log In

You Might Also Like...

Show Comments

Extras

Top Quizzes Today


Score Distribution

Your Account Isn't Verified!

In order to create a playlist on Sporcle, you need to verify the email address you used during registration. Go to your Sporcle Settings to finish the process.

Report this User

Report this user for behavior that violates our Community Guidelines.

Details: